[Event "SRB-chT 2nd League East"]
[Site "Knic"]
[Date "2019.09.07"]
[Round "2.7"]
[White "Brankovan, Mario"]
[Black "Ilic, Aleksandar"]
[Result "0-1"]
[WhiteElo "1931"]
[BlackElo "2129"]
[PlyCount "80"]
[EventDate "2019.09.06"]
[EventType "team-tourn"]
[EventRounds "11"]
[EventCountry "SRB"]
[SourceTitle "EXT 2020"]
[Source "ChessBase"]
[SourceDate "2019.10.17"]
[SourceVersion "1"]
[SourceVersionDate "2019.10.17"]
[SourceQuality "1"]
[WhiteTeam "Majdanpek"]
[BlackTeam "Veliko Gradiste"]
[WhiteTeamCountry "SRB"]
[BlackTeamCountry "SRB"]

1. d4 Nf6 2. Nf3 e6 3. e3 c5 4. Bd3 d5 5. c3 Bd6 6. 0-0 Qc7 7. Nbd2 Nc6 8. dxc5 Bxc5 9. e4 0-0 10. Qe2 Bd6 11. Re1 Bf4 12. Nf1 dxe4 13. Bxe4 Nxe4 14. Qxe4 Bxc1 15. Raxc1 Ne7 16. Ng5 Ng6 17. Nf3 Bd7 18. Re3 Bc6 19. Qc2 Rac8 20. Rce1 Rfd8 21. Nd4 Bxg2 22. Nxe6 fxe6 23. Kxg2 Rf8 24. Qe4 e5 25. Rg3 Qc5 26. Ne3 Kh8 27. Kg1 Qb6 28. Re2 Rf4 29. Qd5 Rd8 30. Qb3 Qc6 31. Ng4 Rxg4 32. Rxg4 Qf3 33. Rxg6 Qxe2 34. Rg3 Rf8 35. Qxb7 Qe1+ 36. Kg2 Rxf2+ 37. Kh3 Qf1+ 38. Rg2 Qd3+ 39. Rg3 Qf5+ 40. Rg4 Rf3+ 0-1

[Event "SRB-ch sf"]
[Site "Belgrade"]
[Date "2016.03.25"]
[Round "5"]
[White "Djurdjevic, Petar S"]
[Black "Ilic, Aleksandar"]
[Result "0-1"]
[WhiteElo "1970"]
[BlackElo "2132"]
[PlyCount "44"]
[EventDate "2016.03.21"]
[EventType "swiss"]
[EventRounds "9"]
[EventCountry "SRB"]
[SourceTitle "CBM 171 Extra"]
[Source "ChessBase"]
[SourceDate "2016.04.26"]
[SourceVersion "1"]
[SourceVersionDate "2016.04.26"]
[SourceQuality "1"]

1. d4 Nf6 2. c4 Nc6 3. Nc3 e5 4. d5 Ne7 5. Nf3 Ng6 6. e4 Bc5 7. h3 0-0 8. g3 d6 9. Bd3 a6 10. a3 Bd7 11. Kf1 Rb8 12. Qe2 b5 13. b4 Ba7 14. cxb5 axb5 15. Kg2 c6 16. Bg5 Bd4 17. Rac1 Bxc3 18. Rxc3 cxd5 19. exd5 Qb6 20. Bxf6 gxf6 21. Qe3 f5 22. Be2 Ne7 0-1

[Event "Belgrade Jezero op"]
[Site "Belgrade"]
[Date "2015.08.11"]
[Round "4"]
[White "Ilic, Aleksandar"]
[Black "Skare, Goran"]
[Result "0-1"]
[WhiteElo "2163"]
[BlackElo "2227"]
[PlyCount "160"]
[EventDate "2015.08.08"]
[EventType "swiss"]
[EventRounds "9"]
[EventCountry "SRB"]
[SourceTitle "EXT 2016"]
[Source "ChessBase"]
[SourceDate "2015.10.08"]
[SourceVersion "1"]
[SourceVersionDate "2015.10.08"]
[SourceQuality "1"]

1. e4 e6 2. d4 d5 3. Nc3 Bb4 4. e5 Ne7 5. Bd2 b6 6. f4 c5 7. Nb5 Bxd2+ 8. Qxd2 Nf5 9. Nf3 a6 10. g4 Nxd4 11. Nbxd4 cxd4 12. 0-0-0 h5 13. gxh5 Rxh5 14. Rg1 g6 15. Rg5 Rh8 16. Nxd4 Qc7 17. Bd3 Nc6 18. Nxc6 Qxc6 19. Qf2 Bb7 20. h4 Qc5 21. Qg3 0-0-0 22. Rh1 Rh6 23. Kb1 Rdh8 24. Rh2 b5 25. a3 Kb8 26. f5 gxf5 27. Rg8+ Ka7 28. Rxh8 Rxh8 29. h5 Rh6 30. Qg7 Qe3 31. Re2 Qf4 32. Qxf7 Qg5 33. Qf8 Qg1+ 34. Ka2 Rxh5 35. a4 bxa4 36. Qe8 Rh1 37. Qxa4 Qa1+ 38. Kb3 Qxa4+ 39. Kxa4 Kb6 40. b4 Rh3 41. Kb3 Bc6 42. Kc3 Rh4 43. Re1 d4+ 44. Kb3 Bd5+ 45. Kb2 a5 46. bxa5+ Kxa5 47. Ra1+ Kb4 48. Ra6 Rg4 49. Rb6+ Kc5 50. Rb5+ Kc6 51. Ra5 Rg3 52. Ra6+ Kc5 53. Ra5+ Kb4 54. Rb5+ Ka4 55. Rb6 Re3 56. Ra6+ Kb4 57. Rb6+ Kc5 58. Rb5+ Kc6 59. Rb4 Rxe5 60. Rxd4 Kc5 61. Rf4 Bc6 62. Kc3 Bd7 63. Rf1 Kd6 64. Bc4 Re4 65. Bd3 Rh4 66. Rd1 Ke7 67. Rf1 Kf6 68. Rd1 Rh7 69. Kb4 e5 70. Rf1 e4 71. Ba6 Ke5 72. c4 Rh6 73. Ka5 f4 74. c5 f3 75. Bc4 Bc6 76. Kb4 Bd5 77. Bb5 e3 78. Kc3 Be4 79. Re1 Kf4 80. Kd4 Rh8 0-1